Loading...
History - American History | 0 | 3 | 0 | 0 | 30 | 26 | 67.67 | 1 | 2 |
History - Other History | 0 | 3 | 0 | 0 | 30 | 16 | 33.33 | 1 | 3 |
Current Events | 0 | 2 | 0 | 2 | 20 | 87 | 93.00 | 0 | 0 |
History - World History | 0 | 1 | 0 | 0 | 10 | 70 | 70.00 | 0 | 1 |
Fine Arts - Other Fine Arts | 0 | 1 | 0 | 0 | 10 | 51 | 51.00 | 0 | 1 |
Mythology | 0 | 1 | 0 | 0 | 10 | 56 | 56.00 | 0 | 1 |
Painting/Sculpture | 0 | 1 | 0 | 0 | 10 | 86 | 86.00 | 0 | 0 |
Pop Culture | 0 | 1 | 0 | 1 | 10 | 98 | 98.00 | 0 | 0 |
Literature - British Literature | 0 | 1 | 0 | 0 | 10 | 56 | 56.00 | 1 | 1 |
Literature - European Literature | 0 | 1 | 0 | 1 | 10 | 96 | 96.00 | 0 | 1 |
Geography | 0 | 1 | 1 | 1 | 5 | 99 | 99.00 | 0 | 1 |
History - European History | 0 | 1 | 2 | 0 | 0 | 58 | 58.00 | 0 | 1 |
Science - Biology | 0 | 0 | 2 | 0 | -10 | 0.00 | 0 | 0 |